Kulturális feladatok. 2
Autor príkladom z Mukačeva presviedča pochybovačov, že aj v Michalovciach možno založiť strednú školu. Skoro 30 rokov zápasili o priznanie verejného charakteru gymnázia, prinášali hmotné obete, ale dnes škola má vyše 500 žiakov. V Michalovciach boli priaznivejšie podmienky na založenie nižšieho gymn...
| Hlavný autor: | |
|---|---|
| Médium: | Článok |
| Jazyk: | Hungarian |
| Témy: | |
| Zdroj: |
1. Felsö-Zemplén 1. Roč. 9, č. 39 (06.10.1904) s. 1 |
| LEADER | 01309nab#a2200325#ar4500 | ||
|---|---|---|---|
| 001 | 000076478 | ||
| 003 | SVKKK | ||
| 005 | 20050809xxxxxxx. | ||
| 008 | 06 c xo huno | ||
| FMT | |||
| 038 | |a SVKKK | ||
| 040 | |a SVKKK |b slo |e AACR2 | ||
| 041 | 0 | |a hun | |
| 044 | |a xo |c SK | ||
| 080 | |a 373.51 | ||
| 100 | 1 | |a Aczél, Dezsö |4 aut | |
| 242 | 1 | 0 | |a Úlohy kultúry. 2 |
| 245 | 1 | 0 | |a Kulturális feladatok. 2 |c Dezsö Aczél |
| 500 | |a Ex/Ro-75 | ||
| 520 | 2 | |a Autor príkladom z Mukačeva presviedča pochybovačov, že aj v Michalovciach možno založiť strednú školu. Skoro 30 rokov zápasili o priznanie verejného charakteru gymnázia, prinášali hmotné obete, ale dnes škola má vyše 500 žiakov. V Michalovciach boli priaznivejšie podmienky na založenie nižšieho gymnázia, ale nepriznanie práva verejnosti stačilo, aby odstúpili od podujatia, ktoré bolo hmotne zabezpečené. Najprv treba dokázať životaschopnosť školy, potom príde podpora štátu. | |
| 650 | 0 | 4 | |a vzdelávanie gymnaziálne - podpora štátna - Michalovce - rok 1904 - úvahy |
| 773 | 0 | |t Felsö-Zemplén |g Roč. 9, č. 39 (06.10.1904) s. 1 | |
| 957 | |a Michalovce | ||
| 957 | |a Mukačevo | ||
| 958 | |a DG | ||
| 958 | |a SK | ||
| 974 | |a zuz |d 20050809 | ||
| 992 | |a RBX | ||
| BAS | |||
| 998 | |a RETRO | ||